Score 0/11 Timer 01:30
0 Plays Today
Clue 4-Letter Word % Correct
★At a snail's pace★★SLOW★
98.1%
A type of footwear, or to start up a computerBOOT
90.4%
End of the bedFOOT
88.8%
Explode, as a volcanoBLOW
86.7%
Eliminate, as a contestant on 'The Apprentice'FIRE
86.6%
May be barbedWIRE
85.1%
Part of a psychological testBLOT
78.6%
It precedes Worth or WayneFORT
77.6%
★ Amusement park attraction★★RIDE★
77%
Like a missed goal, or EEE shoesWIDE
75%
Tiger's roar?FORE
69.8%

Today's Daily Dose

Remove Ads.
Support Sporcle.
Get the best of Sporcle when you Go Orange. This ad-free experience offers more features, more stats, and more fun while also helping to support Sporcle. Thank you for becoming a member.

You're not logged in!

Compare scores with friends on all Sporcle quizzes.
OR
Log In

Sporcle TV

Today on Sporcle TV


Watch our educational content, quiz creation guides, and fun videos on Sporcle TV.

Show Comments

Extras

Top Quizzes Today


Score Distribution

Paid Content

Your Account Isn't Verified!

In order to create a playlist on Sporcle, you need to verify the email address you used during registration. Go to your Sporcle Settings to finish the process.

Report this User

Report this user for behavior that violates our Community Guidelines.

Details: